| 000 | 01399nam0a2200337 i 4500 | ||
|---|---|---|---|
| 001 | RU\NLR\BIBL_A\011262857 | ||
| 005 | 20240921214648.0 | ||
| 010 |
_a9785914231306 _9500 |
||
| 021 |
_aRU _b2016-52665 _93360 |
||
| 035 | _a(NILC)RuMoRGB-008536524 | ||
| 035 | _a(NLR Aleph) 011262857 | ||
| 090 |
_a12226250 _c12226250 |
||
| 100 | _a20161107d2016 k y0rusy50 ca | ||
| 101 | 0 | _arus | |
| 102 | _aRU | ||
| 105 | _aa|||z|||000zy | ||
| 200 | 1 |
_aРазвитие рынков коммерческой недвижимости Ростовской области _eмонография _fР.В. Косарев, Д.В. Олянич _gЮж. федер. ун-т |
|
| 210 |
_aРостов-на-Дону _cСодействие-XXI век _d2016 |
||
| 215 |
_a95 с. _cил. _d19 |
||
| 320 | _aБиблиогр.: с. 86-92 (113 назв.) и в подстроч. примеч. | ||
| 606 | 1 |
_aНедвижимое имущество _xРынки _yРостовская область _92131463 _3RU\NLR\AUTH\661285842 |
|
| 675 | _a332 | ||
| 686 | 1 | _aУ9(2)-571.1-17(2Р-4Р) | |
| 700 | 1 |
_aКосарев _bР. В. |
|
| 701 | 1 |
_aОлянич _bД. В. _gДмитрий Владимирович |
|
| 801 | 0 |
_aRU _bРГБ _c20160704 _gRCR |
|
| 801 | 1 |
_aRU _bРГБ _c20160704 _2rusmarc |
|
| 942 | _cBOOK | ||
| 980 | _aNBR | ||